000 01062nam a22003257a 4500
003 CHAP
005 20220329134628.0
008 971013s1973 r 00010 d
010 _a23253
011 _a24225
035 _a28324
040 _cCHAP
082 _a330.9726
_bC65
110 _aComisión del Papaloapan. México
_925699
245 _aDiagnóstico socioeconómico de la cuenca del Papaloapan
260 _a(s.l. :
_bs.e.),
_c1973
300 _av.
500 _aLa biblioteca tiene: anexo 1
590 _aBATCH-UPD
_b10
_c20130110
_lUCH01
_h0033
590 _aBATCH-UPD
_b10
_c20130110
_lUCH01
_h2132
590 _aBATCH-UPD
_b10
_c20130410
_lUCH01
_h1441
590 _aBATCH-UPD
_b10
_c20130914
_lUCH01
_h1111
590 _aCONVERSION
_b10
_c20130109
_lUCH01
_h1314
650 1 4 _aAgricultura
_xCuenca del Papaloapan.
_91391
650 1 4 _aCuenca del Papaloapan.
_930032
650 1 4 _aGanadería
_xCuenca del Papaloapan.
_944682
901 _aBK
942 _cLIBRO
949 _a330.9726 C65
_bBC
_cLIBRO
_d33724000330908
_eLIBRO
_h37051
_i28324
_mD Hdz.X.
_si
999 _c23253
_d23253